Music Quiz

Random Music or Song Quiz

50 Songs to Click: Disney Quiz Stats

 Plays Quiz Updated Aug 7, 2017

Support Sporcle.
Go Orange.
Score 0/50 Timer 05:00
10 Plays Today
% Correct
Matata
93.2%
Star
93%
New
92.9%
Be
92.8%
Bare
92.1%
Upon
92.1%
Time
92%
Knows
91.9%
I
90.9%
Under
90.8%
Coaster
89.7%
Whistle
89.4%
Nights
88.8%
Elephant
88.6%
Man
88.3%
Far
88%
Wish
87.9%
Topsy
87.9%
Heart
87.7%
Like
87.2%
See
86.7%
Prince
86.5%
Colors
85.8%
Unfortunate
84.9%
Beating
83.8%
% Correct
Zero
83.8%
Best
82.3%
Other
81.8%
Apprentice
81.4%
Siamese
81.4%
Song
81%
People
80.3%
Me
79.6%
Prepared
77%
King
76.2%
Sweet
76.2%
Girl
75.8%
Help
75.5%
Through
75.2%
Out
74.7%
Pink
72.7%
Leader
72.3%
Arpeggios
69.8%
Truth
69.6%
Tramp
69.1%
Down
68.4%
Way
64.1%
There
58.6%
Work
56.4%
No
49.5%

You're not logged in!

Compare scores with friends on all Sporcle quizzes.
OR
Log In
Forgot?

From the Vault

15 Seconds: Question Words

by Flick

No, raising the pitch at the end of every sentence does not constitute a question?
Remove Ads.
Support Sporcle.
Get the best of Sporcle when you Go Orange. This ad-free experience offers more features, more stats, and more fun while also helping to support Sporcle. Thank you for becoming a member.

Show Comments

Extras

Top Quizzes Today


Score Distribution

Your Account Isn't Verified!

In order to create a playlist on Sporcle, you need to verify the email address you used during registration. Go to your Sporcle Settings to finish the process.

Report this User

Report this user for behavior that violates our Community Guidelines.

Details: